000 00369nam a22001337a 4500
020 _a9789698535360
040 _cNUST
082 _a327.51054
_bHAS
100 _aJaved, Syed Hasan
245 _aRise of China and the Asian Century /
_cSyed Hasan Javed
260 _aIslamabad :
_bNUST Publishing ,
_c2016.
300 _a200p. ;
_bHardbinding,
_c22cm.
942 _2ddc
_cBK
999 _c614727
_d614727